Abecedníček s logopedníčkom a čítankou

Bibliographic Details
Main Author: Spustová Izakovičová, Gabriela, 1967- (Author)
Format: Book
Language:Slovak
PhysicalDescription:118 strán 15 cm
Published: Suchá nad Parnou RUAH 2019
ISBN:9788089604609
Edition:3. vydanie
Subjects:

MARC

LEADER 00000cam a2200000 4500
001 vtls011913614
003 SK-MaSNL
005 20260301053159.0
008 210624s2019 xo br 000 p slo
015 |a SNBA2020/08 
020 |a 9788089604609  |q (brožované) 
035 |a urn:nbn:sk:snk-am00en6m 
035 |a urn:nbn:sk:snk-am3ikg8 
035 |a 96AA7AD1-623D-4767-A21D-A582C1B431F9 
040 |a SNK  |b slo  |c SNK  |e rda 
041 0 |a slo 
044 |a xo  |c SK 
072 7 |a 821.162.4-1  |x Slovenská poézia  |2 konspekt 
072 7 |a 82-93  |x Literatúra pre deti a mládež (poézia)  |2 konspekt 
080 |a 821.162.4-1  |2 2011 
080 |a 82-1-053.2  |2 2001 
100 1 |a Spustová Izakovičová, Gabriela,  |d 1967-  |4 aut  |9 134878 
245 1 0 |a Abecedníček s logopedníčkom a čítankou  |c Gabriela Spustová Izakovičová 
246 3 4 |a Abecedníček s logopedníčkom 
250 |a 3. vydanie 
264 1 |a Suchá nad Parnou  |b RUAH  |c 2019 
300 |a 118 strán  |c 15 cm 
336 |a text  |b txt  |2 rdacontent 
337 |a bez média  |b n  |2 rdamedia 
338 |a zväzok  |b nc  |2 rdacarrier 
650 0 7 |a abeceda  |2 SNKPH  |9 2159 
650 0 7 |a Alphabet  |2 SNKPHeng  |9 302730 
655 7 |a slovenská poézia  |2 SNKPH  |9 70444 
655 7 |a poézia pre deti  |2 SNKPH  |9 86748 
655 7 |a Slovak poetry  |2 SNKPHeng  |9 265010 
655 7 |a Children's poetry  |2 SNKPHeng  |9 282495 
919 |a 978-80-89604-60-9 
958 |a LX 
958 |a DB 
999 |c 607693  |d 609623 
952 |a SNK  |b SNK  |y PREZ  |7 0  |p 17A1428773  |o snkSE 13864  |i snk2020/12979  |8 0  |0 0  |1 0  |4 0  |d 2020-07-20  |f 1  |l 0  |r 2026-02-23 16:13:47  |w 2026-02-23 
952 |a SNK  |b SNK  |y VYP  |7 0  |p 17A1428774  |o snkSE 13864 D1  |i snk2020/12980  |8 0  |0 0  |1 0  |4 0  |d 2020-07-20  |l 0  |r 2026-02-23 16:13:47  |w 2026-02-23